Športová hala

Guardado en:
Detalles Bibliográficos
Autor principal: Konkoľ, Ján (Autor)
Otros Autores: Jamnický, Martin (Orientador)
Formato: Manuscrito Libro
Lenguaje:eslovaco
Publicado: 2024
Materias:
Acceso en línea:http://is.stuba.sk/zp/portal_zp.pl?podrobnosti=178489
https://opac.crzp.sk/?fn=detailBiblioForm&sid=AA0D9432EF6DE826C2161F4F11D3
Etiquetas: Agregar Etiqueta
Sin Etiquetas, Sea el primero en etiquetar este registro!

MARC

LEADER 00000ntm a22000003a 4500
001 stuzp99588
003 SK-STU
005 20240924134407.8
007 ta
008 150427s2015----xo-----f-mn---000-0-slo-d
040 |a STU  |b slo 
041 0 |a slo 
100 1 |a Konkoľ, Ján  |u 010180  |4 aut  |U SvF Stavebná fakulta  |T SvF Katedra konštrukcií pozemných stavieb  |X 98422  |U V180  |Y 18  |7 98422 
242 0 1 |a Sport Hall  |y eng 
245 1 0 |a Športová hala 
260 |c 2024 
650 4 |a vnútorný bazén  |2 slo 
650 4 |a valbová strecha  |2 slo 
650 4 |a šport  |2 slo 
650 4 |a sport  |2 eng 
650 4 |a hip roof  |2 eng 
650 4 |a indoor pool  |2 eng 
700 1 |a Jamnický, Martin  |u 010180  |k Z1  |4 ths  |U SvF Stavebná fakulta  |T SvF Katedra konštrukcií pozemných stavieb  |X 4052  |U V180  |Y 18  |7 A000004052 
856 4 |u http://is.stuba.sk/zp/portal_zp.pl?podrobnosti=178489 
856 4 |u https://opac.crzp.sk/?fn=detailBiblioForm&sid=AA0D9432EF6DE826C2161F4F11D3